| 000 | 00723cac a2200241 a 4500 | ||
|---|---|---|---|
| 003 | Co-PeBPM | ||
| 005 | 20250217135701.0 | ||
| 008 | 231129e2001||||xx ao|||||||||||| ||spa|| | ||
| 020 | _a8441401780 | ||
| 040 | 0 |
_aCo-PeBPM _bspa _cCo-PeBPM _erda |
|
| 041 | 0 | _aspa | |
| 082 | 0 | 4 | _a133.93 G426c |
| 100 | 1 |
_aGhislery, Ángela _eAutor |
|
| 245 | 1 | 0 |
_aCartas del más allá _b: mi experiencia con los espíritus _c/ Ángela Ghislery |
| 260 |
_aMadrid, España _b: Editorial Edaf _c, 2001 |
||
| 300 |
_a151 Páginas _c; 13 Centímetros |
||
| 500 | _aIncluye Índice. | ||
| 650 | 1 | 4 |
_2LEMB _aNovela española |
| 650 | 1 | 4 |
_2LEMB _aLiteratura española |
| 650 | 1 | 4 |
_2LEMB _aConsuelo |
| 650 | 1 | 4 |
_2LEMB _aEsperanza |
| 942 |
_2ddc _cBK |
||
| 999 |
_c6715 _d6715 |
||